Score 0/25 Timer 02:00
1 Play Today
Hint Answer % Correct
___ Then There Were NoneAnd
96.9%
___ MisérablesLes
95.3%
___, Pray, LoveEat
92.5%
___ Only Live TwiceYou
91.3%
____ Goes the WeaselPop
91%
___ and PeaceWar
89.7%
___ and MouseCat
89.1%
___ and the CitySex
87.3%
___ ShortyGet
79.2%
The ___ TowersTwo
78.7%
___ on PopHop
76.4%
___ from the Madding CrowdFar
75.9%
The ___ of the JackalDay
74.2%
Hint Answer % Correct
___ and Downs of a LockkeeperUps
73.7%
___ DragonRed
73.4%
___ MoonNew
72%
The ___ Luck ClubJoy
71.3%
___ DallowayMrs.
69.3%
___ Fish: A Novel of Mythic ProportionsBig
67.4%
___ TownOur
59.3%
___-TikiKon
54.7%
___ VadisQuo
54.6%
___ and the Art of ArcheryZen
48.2%
___ Ryan's ExpressVon
44%
___ Like This, CatIt's
42.5%

Today's Daily Dose

Remove Ads.
Support Sporcle.
Get the best of Sporcle when you Go Orange. This ad-free experience offers more features, more stats, and more fun while also helping to support Sporcle. Thank you for becoming a member.

You're not logged in!

Compare scores with friends on all Sporcle quizzes.
OR
Log In

Show Comments

Extras

Top Quizzes Today


Score Distribution

Your Account Isn't Verified!

In order to create a playlist on Sporcle, you need to verify the email address you used during registration. Go to your Sporcle Settings to finish the process.

Report this User

Report this user for behavior that violates our Community Guidelines.

Details: